| 000 | 00695nam a2200241 a 4500 | ||
|---|---|---|---|
| 001 | 11473 | ||
| 003 | BD-RjUL | ||
| 005 | 20211208235130.0 | ||
| 008 | 140126s1966 enk 001 0 eng d | ||
| 035 | _a(BD-RjUL)11522 | ||
| 040 |
_aBD-RjUL _beng _cBD-RjUL _dBD-RjUL |
||
| 041 | _aeng | ||
| 082 | 0 | 0 |
_a913.0310285 _bOAF 1968 |
| 100 | 1 |
_aOakley, Kenneth Page, _d1911- _935462 |
|
| 245 | 1 | 0 |
_aFrameworks for dating fossil man / _cKenneth P. Oakley |
| 250 | _a2nd ed | ||
| 260 |
_aChicago : _bAldine, _cc1966 [Printing 1968]. |
||
| 300 |
_ax, 355 p. : _bill., maps ; _c22 cm |
||
| 500 | _aPrevious ed.: 1964 | ||
| 504 | _aIncludes index. | ||
| 650 | 0 |
_aFossil hominids. _934903 |
|
| 942 |
_2ddc _cBK |
||
| 999 |
_c11473 _d11473 |
||